| 000 | 00546nam a22001457a 4500 | ||
|---|---|---|---|
| 008 | 120612t xxu||||| |||| 00| 0 eng d | ||
| 020 | _a0393094960 | ||
| 050 | _aHJ257.P45 | ||
| 245 |
_aPrivate wants and public needs: an Introduction to a current issue of public policy. / _cEdmund S. Phelps. |
||
| 260 |
_aNew york: _bNorton & Company, _c1995. |
||
| 300 |
_axiii, 178 p.: _bill.; _c20cm. |
||
| 505 | _aContents: Introduction -- Private vs public spending -- What role for government expenditure?. | ||
| 700 | _aPhelps Edmund S. | ||
| 942 |
_2lcc _cBK |
||
| 999 |
_c1248 _d8748 |
||